Online katalóg knižníc regiónu Turca

V náručí Araba (Record no. 22045)

MARC details
000 -LEADER
fixed length control field 01622cam a2200457 4500
001 - CONTROL NUMBER
control field 22045
003 - CONTROL NUMBER IDENTIFIER
control field VRT
005 - DATE AND TIME OF LATEST TRANSACTION
control field 20260318094615.0
008 - FIXED-LENGTH DATA ELEMENTS--GENERAL INFORMATION
fixed length control field 200507s2019 xo gr 000 fdslo
015 ## - NATIONAL BIBLIOGRAPHY NUMBER
National bibliography number SNBA2019/05
020 ## - INTERNATIONAL STANDARD BOOK NUMBER
International Standard Book Number 9788056903599
Qualifying information (viazané)
035 ## - SYSTEM CONTROL NUMBER
System control number urn:nbn:sk:snk-am00dy6j
035 ## - SYSTEM CONTROL NUMBER
System control number urn:nbn:sk:snk-am3i98o
035 ## - SYSTEM CONTROL NUMBER
System control number FEC4C2CF-E744-4C48-86E6-41F3039A1E06
038 ## - RECORD CONTENT LICENSOR
Record content licensor PPPK
039 #9 - LEVEL OF BIBLIOGRAPHIC CONTROL AND CODING DETAIL [OBSOLETE]
Level of rules in bibliographic description 202005070808
Level of effort used to assign nonsubject heading access points VLOAD
Level of effort used to assign subject headings 201905021425
Level of effort used to assign classification msnk21
Level of effort used to assign subject headings 201904291036
Level of effort used to assign classification msvkbb08
Level of effort used to assign subject headings 201904251033
Level of effort used to assign classification msvkbb03
040 ## - CATALOGING SOURCE
Original cataloging agency PPPK
Language of cataloging slo
Transcribing agency PPPK
Modifying agency SNK
Description conventions rda
041 0# - LANGUAGE CODE
Language code of text/sound track or separate title slo
044 ## - COUNTRY OF PUBLISHING/PRODUCING ENTITY CODE
MARC country code xo
ISO country code SK
072 #7 - SUBJECT CATEGORY CODE
Subject category code 821.162.4-3
Subject category code subdivision Slovenská próza
Source konspekt
080 ## - UNIVERSAL DECIMAL CLASSIFICATION NUMBER
Universal Decimal Classification number 821.162.4-31
Edition identifier 2011
100 1# - MAIN ENTRY--PERSONAL NAME
Personal name Anaswah, Ester
Relationship aut
245 10 - TITLE STATEMENT
Title V náručí Araba
Statement of responsibility, etc. Ester Anaswah
250 ## - EDITION STATEMENT
Edition statement 1. vydanie
264 #1 - PRODUCTION, PUBLICATION, DISTRIBUTION, MANUFACTURE, AND COPYRIGHT NOTICE
Place of production, publication, distribution, manufacture Bratislava
Name of producer, publisher, distributor, manufacturer Marenčin PT
Date of production, publication, distribution, manufacture, or copyright notice 2019
300 ## - PHYSICAL DESCRIPTION
Extent 157 strán
Dimensions 21 cm
336 ## - CONTENT TYPE
Content type term text
Content type code txt
Source rdacontent
337 ## - MEDIA TYPE
Media type term bez média
Media type code nc
Source rdamedia
338 ## - CARRIER TYPE
Carrier type term zväzok
Carrier type code nc
Source rdacarrier
500 ## - GENERAL NOTE
General note Obsahuje krátke biografické údaje o autorke na prebale publikácie
655 #7 - INDEX TERM--GENRE/FORM
Genre/form data or focus term slovenské romány
Source of term SNKPH
655 #7 - INDEX TERM--GENRE/FORM
Genre/form data or focus term Slovak fiction
Source of term SNKPHeng
942 ## - ADDED ENTRY ELEMENTS (KOHA)
Source of classification or shelving scheme Dewey Decimal Classification
Koha item type Krásna literatúra pre dospelých
Suppress in OPAC No
949 ## - LOCAL PROCESSING INFORMATION (OCLC)
6 17A1364177
a snkSC 183985
b snk2019/11467
o 909/19
s 6100:20190506
949 ## - LOCAL PROCESSING INFORMATION (OCLC)
6 17A1364178
a snkSC 183985 D1
b snk2019/11468
o 909/19
949 ## - LOCAL PROCESSING INFORMATION (OCLC)
6 270001000602152
a svkbbA 157261
b svkbbm 783111
949 ## - LOCAL PROCESSING INFORMATION (OCLC)
6 2889347383
a savukPV 28266
b savuk2019/2232
949 ## - LOCAL PROCESSING INFORMATION (OCLC)
6 273K0643285
a svkpoA 241911
b svkpo635574
Holdings
Stav vyradenia Strata Poškodenie Spôsob nadobudnutia Domovská knižnica Aktuálna knižnica Dátum nadobudnutia Total checkouts Čiarový kód exemplára Date last seen Typ exemplára
      Dar Obecná knižnica Turčianska Štiavnička Obecná knižnica Turčianska Štiavnička 18.03.2026   4738000541 18.03.2026 Krásna literatúra pre dospelých
Projekt je podporený Slovenskou asociáciou knižníc
Prevádzkuje Turčianska knižnica Martin 2026